La pequeña tortuga ante el gran espejo del fondo marino / (Registro nro. 58908)
[ vista simple ]
| 000 -LDR (LÍDER) | |
|---|---|
| fixed length control field | 00724nam a22002417 4500 |
| 008 - FIXED-LENGTH DATA ELEMENTS--GENERAL INFORMATION | |
| fixed length control field | 241128r |||a|||gr|||| 00| 0 spa d |
| 020 ## - ISBN | |
| ISBN | 9589752020 |
| 040 ## - FUENTE DE CATALOGACIÓN | |
| Agencia catalogadora original | CO-BoRNBP |
| Idioma de la agencia catalogadora | spa |
| Norma para la descripción | rda |
| Agencia que transcribe | CO-BoRNBP |
| 084 ## - Clasificación facetada | |
| Número de clasificación | C PIN |
| 100 1# - Autor | |
| Nombre | Pineda R, diego Antonio |
| Termino relación | autor |
| 9 (RLIN) | 36974 |
| 245 10 - Título | |
| Título | La pequeña tortuga ante el gran espejo del fondo marino / |
| Mención de responsabilidad | Diego Antonio Pineda R. |
| 250 ## - Edición | |
| Edición | primera edición |
| 264 #1 - Pie de imprenta | |
| Ciudad de publicación | Bogotá D.C, Colombia |
| Editorial | Beta |
| Año | 2006 |
| 300 ## - Descripción física | |
| Extensión | 74 páginas |
| Dimensiones | 28 cm. |
| 336 ## - Tipo de Contenido | |
| Tipo de contenido | texto |
| Código de tipo de contenido | txt |
| Fuente | rdacontenido |
| 337 ## - Tipo de Medio | |
| Tipo de Medio | sin mediación |
| Código de tipo de medio | n |
| Fuente | rdamedio |
| 338 ## - Tipo de soporte | |
| Tipo de soporte | volumen |
| Código de tipo de soporte | nc |
| Fuente | rdasoporte |
| 650 17 - Asiento secundario de materia - término temático | |
| Fuente del encabezado o término | LEMB |
| 653 ## - Tema | |
| Tema | cuentos infantiles |
| 942 ## - Información adicional | |
| Tipo de material | LIbro |
| Estado de pérdida | Fuente del sistema de clasificación o colocación | Estado de daño | Koha normalized classification for sorting | Not for loan | Colección | Biblioteca | Biblioteca actual | Localización | Fecha de adquisición | Koha issues (times borrowed) | Signatura topográfica | Código de barras | Koha date last seen | Price effective from | Tipo de ítem |
|---|---|---|---|---|---|---|---|---|---|---|---|---|---|---|---|
| Clasificación Local Facetada | C P I N | Infantil | Biblioteca Pública San Juanito - Ernesto Maria Peña Romero | Biblioteca Pública San Juanito - Ernesto Maria Peña Romero | Sala Infantil | 08/29/2025 | C PIN | SJU01401 | 08/29/2025 | 08/29/2025 | LIbro |